Vybrané metódy riešenia konfliktov

Základné metódy riešenia konfliktov. Proces vyjednávania (negociácie). Facilitácia. Mediácia. Arbitrácia. Adjudikácia.

Uložené v:
Podrobná bibliografia
Hlavný autor: Kazanský, Rastislav
Ďalší autori: Kucharčík, Rudolf, 1977-, Adašková, Daša
Médium: Kapitola
Jazyk:Slovak
Predmet:
Tagy: Pridať tag
Žiadne tagy, Buďte prvý, kto otaguje tento záznam!

MARC

LEADER 00000naa$a2200000$$$4500
001 0152611
005 20240502083347.6
041 0 |a slo 
044 |a UA 
245 1 0 |a Vybrané metódy riešenia konfliktov  |c Rastislav Kazanský, Rudolf Kucharčík, Daša Adašková 
520 |a Základné metódy riešenia konfliktov. Proces vyjednávania (negociácie). Facilitácia. Mediácia. Arbitrácia. Adjudikácia. 
610 2 0 |a konflikty 
610 2 0 |a vzťahy medziľudské 
610 2 0 |a spoločnosť 
610 2 0 |a komunikácia 
100 1 |a Kazanský, Rastislav 
700 1 |a Kucharčík, Rudolf, 1977- 
700 1 |a Adašková, Daša